000 00575nam a22001937a 4500
005 20251108172255.0
008 250721s2000 xx 000 0 ara d
082 1 4 _a641.1/فطا
100 1 _aفطاير، عبد الرحيم
245 1 0 _aالغذاء و التغذية /
264 1 _aعمان :
_bالدار العلمية للنشر و التوزيع،
_c2000.
300 _a342ص
650 1 7 _aالتغذية
650 1 7 _aالحميات العلاجية
650 1 7 _aالمغذيات
650 1 7 _aالبروتينات
942 _2ddc
_cBK
999 _c74832
_d74832